Представление документа в формате RUSMARC

ПолеНазваниеЗначение
  Тип записи a
  Библиографический уровень m
001 Контрольный номер SKBR/e2acbb0e-6fe3-4be4-b200-78f4a11feee6
005 Дата корректировки 20211221182434.9
010 Индекс ISBN __
a ISBN 978-5-6041497-1-3
9 Тираж 700 экз.
d Цена 753-00
035 Другие системные номера __
a Идентификатор записи RU\NLR\BIBL_A\012180537
100 Данные общей обработки __
a Данные общей обработки 20200116d2018####aemy0rusy028902 ca
101 Язык документа 0_
a Язык текста rus
102 Страна публикации __
a Страна публикации RU
105 Кодированные данные (монография) __
a Кодированные данные (монография) y z 000ay
181 Поле кодированных данных: вид содержания _0
a Код вида содержания (ISBD) i
182 Поле кодированных данных: тип средства _0
a Код типа средства (ISBD) n
200 Заглавие и сведения об ответственности 1_
a Заглавие Путеводитель по N
e Сведения, относящиеся к заглавию [роман]
f Первые сведения об ответственности Александр Скидан
203 Вид содержания и тип средства __
a Вид содержания Текст
c Тип средства непосредственный
210 Выходные данные 1_
a Место издания Москва
c Издательство Носорог
c Издательство Мамихлапинатана
d Дата издания 2018
215 Физическое описание __
a Объем 78 с.
d Формат 20 см
225 Серия 2_
a Серия Независимый альянс
330 Аннотация __
a Аннотация В романе поэта Александра Скидана «Путеводитель по N» безумие Фридриха Ницше разворачивается на текстуальном уровне. Это псевдо(авто)биография, в которой немецкий мыслитель, пережив разрыв с Лу Саломе, говорит голосами Рильке, Достоевского, Пруста, Андрея Белого, Набокова, Томаса Манна, Бруно Шульца и других знаковых авторов-модернистов так, как если бы продолжал писать Ecce homo и после помещения в клинику. Монтаж чужих текстов предстает распадом монологичного сознания и воспроизводит состояние болезни, ставшей метафорой конца западноевропейской метафизики.
333 Примечание о целевом назначении __
a Примечание о целевом назначении 16+. Для детей старше 16 лет
600 Персоналии _1
a Персоналии (Фамилия) Ницше
b Персоналии (Имя) Ф. В.
g Полное имя Фридрих Вильгельм
f Даты 1844-1900
2 Код системы nlr_sh
3 Контрольный № нормативной записи RU\NLR\AUTH\66764910
606 Тематические рубрики __
a Основная рубрика Художественная литература
606 Тематические рубрики __
a Основная рубрика Современная русская литература (произведения)
610 Ключевые слова 0_
a Ключевые слова романы
610 Ключевые слова 0_
a Ключевые слова проза
610 Ключевые слова 0_
a Ключевые слова современная проза
610 Ключевые слова 0_
a Ключевые слова современные романы
610 Ключевые слова 0_
a Ключевые слова философы
610 Ключевые слова 0_
a Ключевые слова немецкие философы
686 Индексы других классификаций __
a Классификационный индекс 84(2=411.2)6-4
2 Код системы rubbks
700 Автор _1
a Фамилия Скидан
b Имя А. В.
f Даты 1965-
g Полное личное имя Александр Вадимович
3 Контрольный № нормативной записи RU\NLR\AUTH\7714576
4 Код отношения 070
801 Источник записи _0
a Страна RU
b Организация NLR
c Дата составления 20200116
g Правила каталогизации RCR
801 Источник записи _1
a Страна RU
b Организация NLR
c Дата составления 20200116
g Правила каталогизации PSBO
801 Источник записи _2
a Страна RU
b Организация NLR
c Дата составления 20200201
2 Код формата rusmarc
g Правила каталогизации PSBO
852 Данные о местонахождении __
i Авторский знак С 42
j Шифр хранения 84(2=411.2)6-4
900 Макрообъекты __
a Макрообъекты Путеводитель по N, 2018
901 Тип документа __
a Ответственный КиК/Лукашук
t Тип документа m
903 Характеристики (МАРС) __
a Дата передачи 20210527
c Наименование библиотеки (МАРС) Муниципальное бюджетное учреждение культуры "Централизованная библиотечная система" г. Сургут (Центральная городская библиотека им. А. С. Пушкина)
990 Данные о заказе (DOS) __
j Количество экземпляров (DOS) 1
t N записи в КСУ для И/У (DOS) 202106